00417nam a22001577a 4500003001100000005001700011008004100028020001500069040003900084041000800123082001300131100003400144245002600178260004500204650001000249LK-CoMWRAF20230914145709.0230914b2007 |||||||| |||| 00| 0 eng d a8172313187 aLK-CoMWRAFdLK-CoMWRAFeLK-CoMWRAF aeng a297bSAL aSaloojee, Maulana Shabbier A. aHaj, umrah & ziyaarah aNew Delhi :bIslamic book service,c2007 aIslam